Представление документа в формате MARC21

Поле Инд. ПП Название Значение
Тип записи a
Библиографический уровень m
001 Контрольный номер RU/IS/BASE/222523833
005 Дата корректировки 20230315145117.8
008 Кодируемые данные 070126|||||||||ru |||||||||||000|||rus||
020 a ISBN 5-85320-484-Х
c Цена, тираж 80-00
040 b Код языка каталог. rus
e Правила каталог. PSBO
041 0_ a Код языка текста rus
084 a Индекс другой классификации/Индекс ББК Сб
090 a Полочн. индекс Сб
x Авторский знак М 91
245 10 a Заглавие Мурманский берег
b Продолж. заглавия культурологический альманах
c Ответственность Ассоц. творч. союзов (АСТЭС)
n Номер части/ раздела Вып. 2
260 a Место издания Мурманск
b Издательство АСТЭС
c Дата издания 2005
300 a Объем 285, [2] с.
901 t Тип документа m